000 00504nam a22001697a 4500
005 20250709154411.0
008 250709b |||||||| |||| 00| 0 eng d
020 _a978-1-4737-6434-7
050 _aHF 5635 .I58 2019
100 _aEMEA CENGAGE
245 _aINTRODUCTION TO FINANCIAL AND MANAGEMENT ACCOUNTING
260 _aUNITED KINGDOM
_bCENGAGE LEARNING EMEA
_c2019
300 _aIX,395P.:ILL
500 _aINCLUDES INDEX
650 _a1. ACCOUNTING. 2. MANAGERIAL ACCOUNTING
942 _2lcc
_cBK
999 _c215870
_d215870